| 000 | 00750nam a2200241 i 4500 | ||
|---|---|---|---|
| 001 | C2-0328994 | ||
| 003 | PPAK | ||
| 005 | 20180728130148.0 | ||
| 008 | 141119s2012 my |||| ||||| | may d | ||
| 040 |
_aPPAK _beng _cPPAK _erda |
||
| 082 | 0 | 4 |
_a928.9923 _223 |
| 090 | 0 | 0 |
_a928.9923 _bAHM _dKK |
| 100 | 0 |
_aAhmad Patria Abdullah, _eauthor |
|
| 245 | 1 | 0 |
_aKesinambungan kepengarangan Abdullah Hussain : _bpengalaman seorang anak |
| 264 | 1 |
_aKuala Lumpur : _bDewan Sastera , _c2012 |
|
| 300 |
_a6 pages ; _c30 cm. |
||
| 336 |
_2rdacontent _atext |
||
| 337 |
_2rdamedia _aunmediated |
||
| 338 |
_2rdacarrier _avolume |
||
| 500 | _aArtikel (Dewan Sastera - Mei 2012) | ||
| 650 | 1 | 0 | _aAuthors, Malay. ; Malay literature - Authorship. |
| 942 |
_ddc _cB |
||
| 999 |
_c128259 _d128259 |
||